[Event "ODJM C 2025"]
[Site "Willingen GER"]
[Date "2025.06.13"]
[Round "8"]
[White "Rafikov, Artur"]
[Black "Ruddat, Merja"]
[Result "1/2-1/2"]
[Termination "normal"]
[Board "17"]
[WhiteElo "1423"]
[BlackElo "999"]
[WhiteClock "00:33:06"]
[BlackClock "00:27:54"]
[PlyCount "47"]
[WhiteFideId "34642676"]
[BlackFideId "34660577"]
[EventCountry "GER"]
[EventRounds "9"]
[EventType "swiss"]
[EventDate "2025.06.07"]

1. e4 {[%clk 01:30:56]} {[%emt 00:00:03]} c5 {[%clk 01:30:53]} {[%emt
00:00:08]} 2. Nf3 {[%clk 01:31:01]} {[%emt 00:00:24]} g6 {[%clk 01:31:03]}
{[%emt 00:00:21]} 3. Bc4 {[%clk 01:31:20]} {[%emt 00:00:11]} Bg7 {[%clk
01:30:07]} {[%emt 00:01:26]} 4. c3 {[%clk 01:28:47]} {[%emt 00:03:03]} e6
{[%clk 01:28:40]} {[%emt 00:01:57]} 5. d4 {[%clk 01:20:50]} {[%emt 00:08:26]}
d5 {[%clk 01:26:04]} {[%emt 00:03:07]} 6. Bb5+ {[%clk 01:20:26]} {[%emt
00:00:53]} Bd7 {[%clk 01:23:52]} {[%emt 00:02:42]} 7. Bxd7+ {[%clk 01:20:10]}
{[%emt 00:00:47]} Nxd7 {[%clk 01:24:09]} {[%emt 00:00:13]} 8. e5 {[%clk
01:19:54]} {[%emt 00:00:45]} Qa5 {[%clk 01:19:00]} {[%emt 00:05:39]} 9. O-O
{[%clk 01:14:08]} {[%emt 00:06:16]} Ne7 {[%clk 01:09:46]} {[%emt 00:09:44]} 10.
Bd2 {[%clk 01:12:54]} {[%emt 00:01:43]} Qb6 {[%clk 01:08:23]} {[%emt 00:01:55]}
11. Qc1 {[%clk 01:12:01]} {[%emt 00:01:24]} Nf5 {[%clk 01:02:09]} {[%emt
00:06:43]} 12. Na3 {[%clk 01:11:36]} {[%emt 00:00:54]} Rc8 {[%clk 00:58:38]}
{[%emt 00:04:01]} 13. Nc2 {[%clk 01:10:37]} {[%emt 00:01:29]} cxd4 {[%clk
00:55:09]} {[%emt 00:04:00]} 14. cxd4 {[%clk 01:05:14]} {[%emt 00:05:53]} O-O
{[%clk 00:44:52]} {[%emt 00:10:46]} 15. b3 {[%clk 01:01:04]} {[%emt 00:04:38]}
Rc6 {[%clk 00:40:36]} {[%emt 00:04:48]} 16. Qb2 {[%clk 00:57:44]} {[%emt
00:03:49]} Rfc8 {[%clk 00:37:36]} {[%emt 00:03:32]} 17. Rac1 {[%clk 00:47:27]}
{[%emt 00:10:45]} f6 {[%clk 00:33:59]} {[%emt 00:04:08]} 18. Ne3 {[%clk
00:45:10]} {[%emt 00:02:47]} Nxe3 {[%clk 00:32:10]} {[%emt 00:02:19]} 19. Bxe3
{[%clk 00:41:07]} {[%emt 00:04:33]} Qc7 {[%clk 00:30:19]} {[%emt 00:02:21]} 20.
h3 {[%clk 00:38:35]} {[%emt 00:03:00]} fxe5 {[%clk 00:28:58]} {[%emt 00:01:52]}
21. Rxc6 {[%clk 00:36:46]} {[%emt 00:02:18]} bxc6 {[%clk 00:28:21]} {[%emt
00:01:08]} 22. dxe5 {[%clk 00:33:41]} {[%emt 00:03:34]} Nxe5 {[%emt 00:01:51]}
23. Nxe5 {[%clk 00:33:06]} {[%emt 00:00:01]} Bxe5 {[%clk 00:27:54]} {[%emt
00:00:40]} 24. Qd2 {[%emt 00:03:05]} 1/2-1/2

[Event "ODJM C 2025"]
[Site "Willingen GER"]
[Date "2025.06.13"]
[Round "8"]
[White "Börner, Martha"]
[Black "Muhl, Jakob"]
[Result "1-0"]
[Termination "normal"]
[Board "18"]
[WhiteElo "1211"]
[BlackElo "1510"]
[WhiteClock "01:26:03"]
[BlackClock "00:52:31"]
[PlyCount "77"]
[WhiteFideId "34665382"]
[BlackFideId "34635181"]
[EventCountry "GER"]
[EventRounds "9"]
[EventType "swiss"]
[EventDate "2025.06.07"]

1. e4 {[%clk 01:30:56]} {[%emt 00:00:03]} e5 {[%clk 01:30:51]} {[%emt
00:00:10]} 2. Nf3 {[%clk 01:31:14]} {[%emt 00:00:11]} Nc6 {[%clk 01:31:05]}
{[%emt 00:00:16]} 3. Bb5 {[%clk 01:31:33]} {[%emt 00:00:12]} Nf6 {[%clk
01:30:22]} {[%emt 00:01:12]} 4. Nc3 {[%clk 01:26:16]} {[%emt 00:05:47]} Bc5
{[%clk 01:28:46]} {[%emt 00:02:07]} 5. Nxe5 {[%clk 01:26:35]} {[%emt 00:00:11]}
Nxe5 {[%clk 01:26:06]} {[%emt 00:03:10]} 6. d4 {[%clk 01:26:51]} {[%emt
00:00:14]} c6 {[%clk 01:25:07]} {[%emt 00:01:29]} 7. dxe5 {[%clk 01:27:13]}
{[%emt 00:00:08]} cxb5 {[%clk 01:24:12]} {[%emt 00:01:24]} 8. exf6 {[%clk
01:27:35]} {[%emt 00:00:08]} Qxf6 {[%clk 01:24:11]} {[%emt 00:00:31]} 9. O-O
{[%clk 01:27:46]} {[%emt 00:00:19]} a6 {[%clk 01:18:59]} {[%emt 00:05:42]} 10.
e5 {[%clk 01:27:57]} {[%emt 00:00:19]} Qc6 {[%clk 01:17:28]} {[%emt 00:01:56]}
11. Nd5 {[%clk 01:27:36]} {[%emt 00:00:55]} a5 {[%clk 01:14:08]} {[%emt
00:03:51]} 12. Bg5 {[%clk 01:27:27]} {[%emt 00:00:36]} O-O {[%clk 01:12:32]}
{[%emt 00:02:09]} 13. Be7 {[%clk 01:27:33]} {[%emt 00:00:24]} Re8 {[%clk
01:12:30]} {[%emt 00:00:33]} 14. Bxc5 {[%clk 01:27:44]} {[%emt 00:00:18]} Qxc5
{[%clk 01:12:10]} {[%emt 00:00:50]} 15. Re1 {[%clk 01:26:34]} {[%emt 00:01:41]}
d6 {[%clk 01:09:12]} {[%emt 00:03:28]} 16. exd6 {[%clk 01:23:57]} {[%emt
00:03:06]} Rxe1+ {[%clk 01:08:48]} {[%emt 00:00:53]} 17. Qxe1 {[%clk 01:24:19]}
{[%emt 00:00:08]} Bf5 {[%clk 01:07:11]} {[%emt 00:02:08]} 18. Ne7+ {[%clk
01:23:12]} {[%emt 00:01:37]} Kf8 {[%clk 01:04:40]} {[%emt 00:03:01]} 19. Nxf5
{[%clk 01:23:32]} {[%emt 00:00:11]} Qxf5 {[%clk 01:04:01]} {[%emt 00:01:07]}
20. Qe7+ {[%clk 01:23:42]} {[%emt 00:00:21]} Kg8 {[%clk 01:04:13]} {[%emt
00:00:17]} 21. d7 {[%clk 01:24:01]} {[%emt 00:00:13]} h6 {[%clk 01:01:44]}
{[%emt 00:02:59]} 22. Qe8+ {[%clk 01:24:10]} {[%emt 00:00:21]} Rxe8 {[%clk
01:01:44]} {[%emt 00:00:30]} 23. dxe8=Q+ {[%emt 00:00:15]} Kh7 {[%clk
01:01:58]} {[%emt 00:00:10]} 24. h3 {[%clk 01:23:51]} {[%emt 00:01:09]} Qxc2
{[%clk 01:01:52]} {[%emt 00:00:37]} 25. Qxb5 {[%clk 01:24:09]} {[%emt
00:00:11]} Qc7 {[%clk 00:59:07]} {[%emt 00:03:13]} 26. Re1 {[%clk 01:23:54]}
{[%emt 00:00:46]} f6 {[%clk 00:57:35]} {[%emt 00:02:03]} 27. Re8 {[%clk
01:23:34]} {[%emt 00:00:50]} Qc1+ {[%clk 00:56:20]} {[%emt 00:01:40]} 28. Kh2
{[%clk 01:23:58]} {[%emt 00:00:10]} Qc7+ {[%clk 00:56:07]} {[%emt 00:00:42]}
29. g3 {[%clk 01:24:19]} {[%emt 00:00:10]} Qc2 {[%clk 00:55:58]} {[%emt
00:00:32]} 30. Kg2 {[%clk 01:24:29]} {[%emt 00:00:28]} Qb1 {[%clk 00:52:20]}
{[%emt 00:04:08]} 31. Qb3 {[%clk 01:24:04]} {[%emt 00:00:48]} b5 {[%clk
00:51:46]} {[%emt 00:01:11]} 32. Qg8+ {[%clk 01:24:01]} {[%emt 00:00:33]} Kg6
{[%clk 00:52:00]} {[%emt 00:00:16]} 33. Re7 {[%clk 01:24:22]} {[%emt 00:00:08]}
Qc2 {[%clk 00:51:26]} {[%emt 00:01:03]} 34. Qxg7+ {[%clk 01:24:39]} {[%emt
00:00:14]} Kf5 {[%clk 00:51:38]} {[%emt 00:00:14]} 35. Qh7+ {[%clk 01:24:53]}
{[%emt 00:00:21]} Kg5 {[%clk 00:51:45]} {[%emt 00:00:22]} 36. Qxc2 {[%clk
01:25:11]} {[%emt 00:00:13]} f5 {[%clk 00:52:09]} {[%emt 00:00:06]} 37. Rf7
{[%clk 01:25:29]} {[%emt 00:00:11]} h5 {[%clk 00:52:09]} {[%emt 00:00:31]} 38.
Qxf5+ {[%clk 01:25:52]} {[%emt 00:00:07]} Kh6 {[%clk 00:52:31]} {[%emt
00:00:08]} 39. Qf6# {[%clk 01:26:03]} {[%emt 00:00:19]} 1-0

[Event "ODJM C 2025"]
[Site "Willingen GER"]
[Date "2025.06.13"]
[Round "8"]
[White "Weibrecht, Theo"]
[Black "Dimitrov, Pavel"]
[Result "1-0"]
[Termination "normal"]
[Board "19"]
[WhiteElo "1596"]
[BlackElo "1011"]
[WhiteClock "01:46:23"]
[BlackClock "01:30:21"]
[PlyCount "157"]
[WhiteFideId "34660240"]
[BlackFideId "533028206"]
[EventCountry "GER"]
[EventRounds "9"]
[EventType "swiss"]
[EventDate "2025.06.07"]

1. e4 {[%clk 01:31:00]} {[%emt 15:31:31]} e5 {[%clk 01:30:52]} {[%emt
00:00:08]} 2. Nf3 {[%clk 01:31:27]} {[%emt 00:00:03]} Nc6 {[%clk 01:31:14]}
{[%emt 00:00:08]} 3. Bc4 {[%clk 01:31:54]} {[%emt 00:00:03]} Bc5 {[%clk
01:31:13]} {[%emt 00:00:30]} 4. d4 {[%clk 01:32:21]} {[%emt 00:00:04]} Bxd4
{[%clk 01:30:56]} {[%emt 00:00:46]} 5. Nxd4 {[%clk 01:32:48]} {[%emt 00:00:04]}
Nxd4 {[%clk 01:31:07]} {[%emt 00:00:18]} 6. Be3 {[%clk 01:33:16]} {[%emt
00:00:03]} Nc6 {[%clk 01:31:24]} {[%emt 00:00:12]} 7. Nc3 {[%clk 01:32:52]}
{[%emt 00:00:55]} d6 {[%clk 01:31:33]} {[%emt 00:00:20]} 8. Qh5 {[%clk
01:32:07]} {[%emt 00:01:12]} Qe7 {[%clk 01:30:54]} {[%emt 00:01:11]} 9. Bg5
{[%clk 01:30:59]} {[%emt 00:01:39]} Nf6 {[%clk 01:30:35]} {[%emt 00:00:48]} 10.
Bxf6 {[%clk 01:31:11]} {[%emt 00:00:20]} Qxf6 {[%clk 01:30:48]} {[%emt
00:00:16]} 11. Nd5 {[%clk 01:31:27]} {[%emt 00:00:15]} Qg6 {[%clk 01:29:27]}
{[%emt 00:01:49]} 12. Qxg6 {[%clk 01:31:55]} {[%emt 00:00:04]} fxg6 {[%clk
01:29:36]} {[%emt 00:00:20]} 13. Nxc7+ {[%clk 01:32:23]} {[%emt 00:00:04]} Kd7
{[%clk 01:29:43]} {[%emt 00:00:20]} 14. Nxa8 {[%clk 01:32:48]} {[%emt
00:00:06]} Kd8 {[%clk 01:29:39]} {[%emt 00:00:32]} 15. O-O {[%clk 01:32:58]}
{[%emt 00:00:22]} Bd7 {[%clk 01:29:57]} {[%emt 00:00:11]} 16. Rfd1 {[%clk
01:32:57]} {[%emt 00:00:33]} Ke7 {[%clk 01:29:40]} {[%emt 00:00:46]} 17. Nc7
{[%clk 01:33:24]} {[%emt 00:00:05]} Rc8 {[%clk 01:28:53]} {[%emt 00:01:15]} 18.
Nd5+ {[%clk 01:33:49]} {[%emt 00:00:06]} Kf8 {[%clk 01:28:29]} {[%emt
00:00:50]} 19. Rd3 {[%clk 01:33:56]} {[%emt 00:00:27]} Ne7 {[%clk 01:28:17]}
{[%emt 00:00:41]} 20. Rf3+ {[%clk 01:34:15]} {[%emt 00:00:12]} Ke8 {[%clk
01:28:02]} {[%emt 00:00:43]} 21. Nxe7 {[%clk 01:34:25]} {[%emt 00:00:21]} Kxe7
{[%clk 01:27:58]} {[%emt 00:00:34]} 22. Bb3 {[%clk 01:34:48]} {[%emt 00:00:08]}
Be8 {[%clk 01:28:06]} {[%emt 00:00:21]} 23. h3 {[%clk 01:34:56]} {[%emt
00:00:22]} Kd8 {[%clk 01:28:11]} {[%emt 00:00:23]} 24. Rd1 {[%clk 01:35:12]}
{[%emt 00:00:16]} Kc7 {[%clk 01:28:17]} {[%emt 00:00:23]} 25. Rc3+ {[%clk
01:35:15]} {[%emt 00:00:29]} Kb8 {[%clk 01:28:22]} {[%emt 00:00:23]} 26. Rxc8+
{[%clk 01:35:40]} {[%emt 00:00:07]} Kxc8 {[%clk 01:28:39]} {[%emt 00:00:11]}
27. Rxd6 {[%clk 01:35:59]} {[%emt 00:00:12]} Kc7 {[%clk 01:28:29]} {[%emt
00:00:40]} 28. Re6 {[%clk 01:36:25]} {[%emt 00:00:06]} Kd7 {[%clk 01:28:07]}
{[%emt 00:00:49]} 29. Rxe8 {[%clk 01:36:41]} {[%emt 00:00:16]} Kxe8 {[%clk
01:28:21]} {[%emt 00:00:15]} 30. Bd5 {[%clk 01:37:07]} {[%emt 00:00:05]} b6
{[%clk 01:28:29]} {[%emt 00:00:22]} 31. Kf1 {[%clk 01:37:32]} {[%emt 00:00:05]}
Kd7 {[%clk 01:28:43]} {[%emt 00:00:15]} 32. Ke2 {[%clk 01:37:59]} {[%emt
00:00:04]} Kd6 {[%clk 01:29:00]} {[%emt 00:00:12]} 33. Kd3 {[%clk 01:38:20]}
{[%emt 00:00:11]} Kc5 {[%clk 01:29:03]} {[%emt 00:00:25]} 34. Kc3 {[%clk
01:38:45]} {[%emt 00:00:07]} a5 {[%clk 01:29:09]} {[%emt 00:00:23]} 35. a3
{[%clk 01:39:12]} {[%emt 00:00:04]} g5 {[%clk 01:29:14]} {[%emt 00:00:22]} 36.
b4+ {[%clk 01:39:40]} {[%emt 00:00:04]} axb4+ {[%clk 01:29:12]} {[%emt
00:00:33]} 37. axb4+ {[%clk 01:40:06]} {[%emt 00:00:04]} Kb5 {[%clk 01:29:02]}
{[%emt 00:00:40]} 38. Bg8 {[%clk 01:39:48]} {[%emt 00:00:48]} h6 {[%clk
01:29:04]} {[%emt 00:00:27]} 39. Kb3 {[%clk 01:40:01]} {[%emt 00:00:18]} Ka6
{[%clk 01:28:28]} {[%emt 00:01:05]} 40. c4 {[%clk 01:40:27]} {[%emt 00:00:05]}
Kb7 {[%clk 01:27:57]} {[%emt 00:00:59]} 41. Kc3 {[%clk 01:40:39]} {[%emt
00:00:20]} Kc6 {[%clk 01:27:57]} {[%emt 00:00:28]} 42. Kd3 {[%clk 01:41:07]}
{[%emt 00:00:04]} Kd6 {[%clk 01:27:24]} {[%emt 00:01:01]} 43. Ke3 {[%clk
01:41:32]} {[%emt 00:00:07]} h5 {[%clk 01:27:10]} {[%emt 00:00:42]} 44. Bf7
{[%clk 01:41:57]} {[%emt 00:00:06]} h4 {[%clk 01:27:23]} {[%emt 00:00:16]} 45.
Kf3 {[%clk 01:42:19]} {[%emt 00:00:10]} Ke7 {[%clk 01:27:31]} {[%emt 00:00:19]}
46. Bd5 {[%clk 01:42:45]} {[%emt 00:00:07]} Kd6 {[%clk 01:27:00]} {[%emt
00:01:01]} 47. Kg4 {[%clk 01:43:02]} {[%emt 00:00:13]} Ke7 {[%clk 01:27:04]}
{[%emt 00:00:25]} 48. Kxg5 {[%clk 01:43:25]} {[%emt 00:00:08]} Kf8 {[%clk
01:27:14]} {[%emt 00:00:18]} 49. Kxh4 {[%clk 01:43:54]} {[%emt 00:00:03]} Ke7
{[%clk 01:27:15]} {[%emt 00:00:27]} 50. Kg5 {[%clk 01:44:09]} {[%emt 00:00:17]}
Kd7 {[%clk 01:27:15]} {[%emt 00:00:29]} 51. Kg6 {[%clk 01:44:35]} {[%emt
00:00:05]} Ke7 {[%clk 01:27:20]} {[%emt 00:00:23]} 52. Kxg7 {[%clk 01:45:00]}
{[%emt 00:00:06]} Kd7 {[%emt 00:00:18]} 53. h4 {[%emt 00:00:11]} Ke8 {[%clk
01:26:34]} {[%emt 00:00:46]} 54. h5 {[%clk 01:45:23]} {[%emt 00:00:09]} Kd8
{[%clk 01:26:55]} {[%emt 00:00:08]} 55. h6 {[%clk 01:45:39]} {[%emt 00:00:15]}
Ke8 {[%clk 01:27:17]} {[%emt 00:00:07]} 56. h7 {[%clk 01:46:05]} {[%emt
00:00:06]} Kd8 {[%clk 01:27:32]} {[%emt 00:00:13]} 57. h8=Q+ {[%emt 00:00:06]}
Kd7 {[%emt 00:00:19]} 58. Kf6 {[%clk 01:45:55]} {[%emt 00:00:15]} Kc7 {[%clk
01:27:49]} {[%emt 00:00:12]} 59. Qh7+ {[%clk 01:46:05]} {[%emt 00:00:22]} Kd8
{[%clk 01:27:56]} {[%emt 00:00:23]} 60. g4 {[%clk 01:46:30]} {[%emt 00:00:05]}
Kc8 {[%clk 01:28:02]} {[%emt 00:00:21]} 61. g5 {[%clk 01:45:22]} {[%emt
00:01:40]} Kd8 {[%clk 01:27:53]} {[%emt 00:00:38]} 62. g6 {[%clk 01:45:42]}
{[%emt 00:00:11]} Kc8 {[%clk 01:28:05]} {[%emt 00:00:18]} 63. Kxe5 {[%clk
01:46:05]} {[%emt 00:00:08]} Kd8 {[%clk 01:28:06]} {[%emt 00:00:28]} 64. g7
{[%clk 01:46:24]} {[%emt 00:00:11]} Kc8 {[%clk 01:28:28]} {[%emt 00:00:08]} 65.
g8=N {[%emt 00:00:09]} Kb8 {[%emt 00:00:19]} 66. Nh6 {[%clk 01:46:20]} {[%emt
00:00:06]} Kc8 {[%clk 01:28:29]} {[%emt 00:00:29]} 67. f4 {[%clk 01:46:49]}
{[%emt 00:00:02]} Kd8 {[%clk 01:28:28]} {[%emt 00:00:30]} 68. f5 {[%clk
01:47:14]} {[%emt 00:00:05]} Ke8 {[%clk 01:28:37]} {[%emt 00:00:20]} 69. Qf7+
{[%clk 01:47:18]} {[%emt 00:00:28]} Kd8 {[%clk 01:28:55]} {[%emt 00:00:11]} 70.
f6 {[%clk 01:47:27]} {[%emt 00:00:22]} Kc8 {[%clk 01:29:12]} {[%emt 00:00:10]}
71. Qe7 {[%clk 01:47:46]} {[%emt 00:00:13]} b5 {[%clk 01:29:05]} {[%emt
00:00:38]} 72. cxb5 {[%clk 01:47:56]} {[%emt 00:00:20]} Kb8 {[%clk 01:29:22]}
{[%emt 00:00:13]} 73. f7 {[%clk 01:48:13]} {[%emt 00:00:14]} Kc8 {[%clk
01:29:39]} {[%emt 00:00:12]} 74. Qb7+ {[%clk 01:47:54]} {[%emt 00:00:49]} Kd8
{[%clk 01:29:57]} {[%emt 00:00:11]} 75. f8=B {[%emt 00:02:12]} Ke8 {[%emt
00:00:20]} 76. Bc5 {[%clk 01:45:29]} {[%emt 00:00:21]} Kd8 {[%clk 01:30:07]}
{[%emt 00:00:20]} 77. Bb6+ {[%clk 01:45:57]} {[%emt 00:00:06]} Ke8 {[%clk
01:30:21]} {[%emt 00:00:13]} 78. Bc6+ {[%clk 01:46:23]} {[%emt 00:00:06]} Kf8
{[%emt 00:00:12]} 79. Qf7# {[%emt 00:00:09]} 1-0

[Event "ODJM C 2025"]
[Site "Willingen GER"]
[Date "2025.06.13"]
[Round "8"]
[White "Kudinov, Mykhailo"]
[Black "Frey, Jarmo"]
[Result "1/2-1/2"]
[Termination "normal"]
[Board "20"]
[WhiteElo "1139"]
[BlackElo "1404"]
[WhiteClock "01:05:53"]
[BlackClock "01:13:33"]
[PlyCount "58"]
[WhiteFideId "533034176"]
[BlackFideId "533001324"]
[EventCountry "GER"]
[EventRounds "9"]
[EventType "swiss"]
[EventDate "2025.06.07"]

1. e4 {[%clk 01:30:59]} d5 {[%clk 01:30:55]} {[%emt 00:00:05]} 2. exd5 {[%clk
01:31:25]} {[%emt 00:00:05]} Qxd5 {[%clk 01:31:20]} {[%emt 00:00:05]} 3. Nc3
{[%clk 01:31:50]} {[%emt 00:00:05]} Qa5 {[%clk 01:31:38]} {[%emt 00:00:11]} 4.
d4 {[%clk 01:32:15]} {[%emt 00:00:06]} c6 {[%clk 01:32:03]} {[%emt 00:00:05]}
5. Nf3 {[%clk 01:32:26]} {[%emt 00:00:19]} Nf6 {[%clk 01:32:17]} {[%emt
00:00:15]} 6. Bc4 {[%clk 01:32:50]} {[%emt 00:00:06]} Bf5 {[%clk 01:32:34]}
{[%emt 00:00:12]} 7. Bd2 {[%clk 01:33:14]} {[%emt 00:00:07]} Qc7 {[%clk
01:32:48]} {[%emt 00:00:16]} 8. Ne5 {[%clk 01:32:34]} {[%emt 00:01:11]} e6
{[%clk 01:32:43]} {[%emt 00:00:34]} 9. a3 {[%emt 00:02:26]} Bd6 {[%clk
01:32:17]} {[%emt 00:00:20]} 10. Nf3 {[%clk 01:31:13]} {[%emt 00:00:31]} Nbd7
{[%clk 01:32:23]} {[%emt 00:00:24]} 11. Qe2 {[%clk 01:30:33]} {[%emt 00:01:10]}
Qb6 {[%clk 01:29:36]} {[%emt 00:03:17]} 12. b4 {[%clk 01:29:37]} {[%emt
00:01:27]} a5 {[%clk 01:28:37]} {[%emt 00:01:28]} 13. b5 {[%clk 01:28:27]}
{[%emt 00:01:41]} c5 {[%clk 01:27:26]} {[%emt 00:01:40]} 14. d5 {[%clk
01:27:38]} {[%emt 00:01:20]} e5 {[%clk 01:26:19]} {[%emt 00:01:37]} 15. O-O
{[%clk 01:25:37]} {[%emt 00:02:31]} O-O {[%clk 01:26:15]} {[%emt 00:00:33]} 16.
Bg5 {[%clk 01:19:03]} {[%emt 00:07:05]} Rfe8 {[%clk 01:24:16]} {[%emt
00:02:29]} 17. Nh4 {[%clk 01:18:53]} {[%emt 00:00:40]} Bg6 {[%clk 01:23:07]}
{[%emt 00:01:39]} 18. Nxg6 {[%clk 01:17:58]} {[%emt 00:01:25]} fxg6 {[%clk
01:23:14]} {[%emt 00:00:22]} 19. Bd3 {[%clk 01:18:00]} {[%emt 00:00:30]} c4
{[%clk 01:22:41]} {[%emt 00:01:03]} 20. Bxc4 {[%clk 01:15:21]} {[%emt
00:03:09]} Qc5 {[%clk 01:22:48]} {[%emt 00:00:22]} 21. Na4 {[%clk 01:13:32]}
{[%emt 00:02:19]} Qd4 {[%clk 01:20:59]} {[%emt 00:02:20]} 22. Rfd1 {[%emt
00:01:19]} Qg4 {[%clk 01:20:37]} {[%emt 00:00:42]} 23. Qxg4 {[%clk 01:13:12]}
{[%emt 00:00:10]} Nxg4 {[%clk 01:21:01]} {[%emt 00:00:07]} 24. h3 {[%clk
01:13:07]} {[%emt 00:00:35]} Ngf6 {[%clk 01:20:53]} {[%emt 00:00:37]} 25. Bd3
{[%clk 01:10:06]} {[%emt 00:03:31]} e4 {[%clk 01:18:50]} {[%emt 00:02:33]} 26.
Bc4 {[%clk 01:08:28]} {[%emt 00:02:09]} h6 {[%clk 01:18:35]} {[%emt 00:00:44]}
27. Be3 {[%clk 01:08:07]} {[%emt 00:00:51]} Ne5 {[%clk 01:17:11]} {[%emt
00:01:55]} 28. Bb3 {[%clk 01:07:36]} {[%emt 00:01:01]} g5 {[%clk 01:14:44]}
{[%emt 00:02:57]} 29. Nb6 {[%clk 01:05:53]} {[%emt 00:02:13]} Rad8 {[%clk
01:13:33]} {[%emt 00:01:41]} 1/2-1/2

[Event "ODJM C 2025"]
[Site "Willingen GER"]
[Date "2025.06.13"]
[Round "8"]
[White "Kasten, Luna Seraphine"]
[Black "Lao, Theodora Siyuan"]
[Result "0-1"]
[Termination "normal"]
[Board "21"]
[WhiteElo "1409"]
[BlackElo "1587"]
[WhiteClock "01:24:24"]
[BlackClock "01:30:36"]
[PlyCount "70"]
[WhiteFideId "34681639"]
[BlackFideId "34667547"]
[EventCountry "GER"]
[EventRounds "9"]
[EventType "swiss"]
[EventDate "2025.06.07"]

1. e4 {[%clk 01:30:56]} {[%emt 00:00:02]} e5 {[%clk 01:30:55]} {[%emt
00:00:06]} 2. d4 {[%clk 01:31:17]} {[%emt 00:00:10]} exd4 {[%clk 01:31:11]}
{[%emt 00:00:15]} 3. c3 {[%clk 01:31:29]} {[%emt 00:00:17]} d5 {[%clk
01:31:20]} {[%emt 00:00:21]} 4. Qxd4 {[%clk 01:31:27]} {[%emt 00:00:31]} dxe4
{[%clk 01:31:32]} {[%emt 00:00:19]} 5. Qe5+ {[%clk 01:31:24]} {[%emt 00:00:32]}
Qe7 {[%clk 01:31:27]} {[%emt 00:00:34]} 6. Bf4 {[%clk 01:31:04]} {[%emt
00:00:51]} Qxe5 {[%clk 01:30:04]} {[%emt 00:01:55]} 7. Bxe5 {[%clk 01:31:25]}
{[%emt 00:00:08]} c6 {[%clk 01:29:38]} {[%emt 00:00:55]} 8. Bf4 {[%clk
01:30:39]} {[%emt 00:01:17]} Bf5 {[%clk 01:28:38]} {[%emt 00:01:30]} 9. Nd2
{[%clk 01:30:45]} {[%emt 00:00:24]} Nd7 {[%clk 01:28:24]} {[%emt 00:00:43]} 10.
f3 {[%clk 01:30:23]} {[%emt 00:00:52]} Ngf6 {[%clk 01:28:16]} {[%emt 00:00:38]}
11. fxe4 {[%clk 01:30:26]} {[%emt 00:00:26]} Nxe4 {[%clk 01:27:59]} {[%emt
00:00:47]} 12. Ngf3 {[%clk 01:30:24]} {[%emt 00:00:32]} Bc5 {[%clk 01:27:16]}
{[%emt 00:01:08]} 13. Bd3 {[%clk 01:29:37]} {[%emt 00:00:34]} Nxd2 {[%clk
01:27:20]} {[%emt 00:01:14]} 14. Bxf5 {[%clk 01:29:25]} {[%emt 00:00:42]} Nxf3+
{[%clk 01:27:33]} {[%emt 00:00:17]} 15. gxf3 {[%clk 01:29:48]} {[%emt
00:00:07]} g6 {[%clk 01:27:19]} {[%emt 00:00:43]} 16. Bxd7+ {[%clk 01:29:06]}
{[%emt 00:00:30]} Kxd7 {[%clk 01:29:37]} {[%emt 00:02:04]} 17. O-O-O+ {[%clk
01:29:15]} {[%emt 00:00:20]} Ke6 {[%clk 01:29:43]} {[%emt 00:00:23]} 18. Rhe1+
{[%clk 01:26:52]} {[%emt 00:02:54]} Kf5 {[%clk 01:29:50]} {[%emt 00:00:23]} 19.
Bg3 {[%clk 01:26:26]} {[%emt 00:00:55]} Rhe8 {[%clk 01:29:54]} {[%emt
00:00:28]} 20. Rxe8 {[%clk 01:26:31]} {[%emt 00:00:26]} Rxe8 {[%clk 01:30:10]}
{[%emt 00:00:13]} 21. Kb1 {[%clk 01:26:06]} {[%emt 00:00:55]} h5 {[%clk
01:29:13]} {[%emt 00:01:28]} 22. h4 {[%clk 01:26:10]} {[%emt 00:00:25]} f6
{[%clk 01:28:51]} {[%emt 00:00:52]} 23. Rd7 {[%clk 01:24:11]} {[%emt 00:02:29]}
Re7 {[%clk 01:28:59]} {[%emt 00:00:22]} 24. Rxe7 {[%clk 01:24:18]} {[%emt
00:00:24]} Bxe7 {[%clk 01:29:19]} {[%emt 00:00:10]} 25. Kc2 {[%clk 01:24:41]}
{[%emt 00:00:06]} g5 {[%clk 01:29:18]} {[%emt 00:00:32]} 26. hxg5 {[%clk
01:24:25]} {[%emt 00:00:46]} fxg5 {[%clk 01:29:29]} {[%emt 00:00:19]} 27. Kd3
{[%clk 01:24:27]} {[%emt 00:00:28]} b5 {[%clk 01:29:11]} {[%emt 00:00:48]} 28.
a3 {[%clk 01:24:18]} {[%emt 00:00:40]} a5 {[%clk 01:29:28]} {[%emt 00:00:13]}
29. b4 {[%clk 01:24:26]} {[%emt 00:00:21]} axb4 {[%clk 01:29:35]} {[%emt
00:00:23]} 30. axb4 {[%clk 01:24:16]} {[%emt 00:00:40]} h4 {[%clk 01:29:50]}
{[%emt 00:00:16]} 31. Bh2 {[%clk 01:24:29]} {[%emt 00:00:16]} Bf6 {[%clk
01:29:40]} {[%emt 00:00:41]} 32. c4 {[%clk 01:24:04]} {[%emt 00:00:56]} Be5
{[%clk 01:29:47]} {[%emt 00:00:22]} 33. Bxe5 {[%clk 01:24:12]} {[%emt
00:00:22]} Kxe5 {[%clk 01:30:05]} {[%emt 00:00:12]} 34. cxb5 {[%clk 01:24:31]}
{[%emt 00:00:11]} cxb5 {[%clk 01:30:22]} {[%emt 00:00:12]} 35. Kd2 {[%clk
01:24:24]} {[%emt 00:00:37]} h3 {[%clk 01:30:36]} {[%emt 00:00:15]} 0-1